Fitxer temàtic per al manteniment d'instal·lacions esportives / direcció i elaboració: Pere Manuel i Gutíerrez ; coordinació i elaboració: Araceli González Lafont Pere Manuel i Gutíerrez ; coordinació i elaboració:
Descripción Física:
125 fitxes en una carpeta d'anelles ; 32 cm
Colección:
Temes d'Esports ; 7
MARC
| LEADER | 00000nam a2200000Ia 4500 | ||
|---|---|---|---|
| 001 | 10905 | ||
| 008 | 160829s1994 xx 000 0 cat d | ||
| 080 | |a FOL-1-68 | ||
| 245 | |a Fitxer temàtic per al manteniment d'instal·lacions esportives / direcció i elaboració: |b Pere Manuel i Gutíerrez ; coordinació i elaboració: |b Araceli González Lafont | ||
| 260 | |a Barcelona : |b Diputació de Barcelona, Àrea d'Esports, |c 1994 | ||
| 300 | |a 125 fitxes en una carpeta d'anelles ; |c 32 cm | ||
| 490 | |a Temes d'Esports ; 7 | ||
| 650 | |a Instal·lacions esportives |x Manteniment i reparació |9 21868 | ||
| 700 | |a Manuel Gutiérrez, Pere, dir. |9 27894 | ||
| 700 | 1 | |a González Lafont, Araceli |9 27895 | |
| 710 | |a Barcelona (Catalunya : Província). |b Àrea d'Esports |9 53827 | ||
| 901 | |a Arxiu | ||
| 942 | |n 1 | ||
| 952 | |0 0 |1 0 |4 0 |6 FOL168 |7 1 |9 44588 |a Arxiu |b Arxiu |d 2016-12-01 |l 0 |o FOL-1-68 |p 10905 |r 2016-12-01 00:00:00 |w 2016-12-01 |y ARXIU | ||
| 999 | |c 47169 |d 47169 | ||